การระงับข้อพิพาทแรงงานโดยอนุญาโตตุลาการ / (ระเบียนเลขที่ 43925)
| 000 -LEADER | |
|---|---|
| fixed length control field | 01002nam a22002297a 4500 |
| 003 - CONTROL NUMBER IDENTIFIER | |
| control field | NALT |
| 005 - DATE AND TIME OF LATEST TRANSACTION | |
| control field | 20211119143755.0 |
| 008 - FIXED-LENGTH DATA ELEMENTS--GENERAL INFORMATION | |
| fixed length control field | s2547 th tha d |
| 020 ## - INTERNATIONAL STANDARD BOOK NUMBER | |
| International Standard Book Number | 9741766696 |
| 040 ## - CATALOGING SOURCE | |
| Original cataloging agency | NALT |
| 041 ## - LANGUAGE CODE | |
| Language code of text/sound track or separate title | tha |
| 090 ## - LOCALLY ASSIGNED LC-TYPE CALL NUMBER (OCLC); LOCAL CALL NUMBER (RLIN) | |
| Classification number (OCLC) (R) ; Classification number, CALL (RLIN) (NR) | KM 25 |
| Local cutter number (OCLC) ; Book number/undivided call number, CALL (RLIN) | ช149ก 2547 |
| 100 0# - MAIN ENTRY--PERSONAL NAME | |
| Personal name | ชนาธิป ชินะนาวิน |
| 9 (RLIN) | 54906 |
| 245 10 - TITLE STATEMENT | |
| Title | การระงับข้อพิพาทแรงงานโดยอนุญาโตตุลาการ / |
| Statement of responsibility, etc. | ชนาธิป ชินะนาวิน |
| 260 3# - PUBLICATION, DISTRIBUTION, ETC. | |
| Place of publication, distribution, etc. | กรุงเทพฯ : |
| Name of publisher, distributor, etc. | จุฬาลงกรณ์มหาวิทยาลัย, |
| Date of publication, distribution, etc. | 2547 |
| 300 ## - PHYSICAL DESCRIPTION | |
| Extent | 245 หน้า ; |
| Dimensions | 30 ซม. |
| 650 04 - SUBJECT ADDED ENTRY--TOPICAL TERM | |
| Topical term or geographic name entry element | อนุญาโตตุลาการ -- ด้านแรงงาน -- วิจัย |
| 650 04 - SUBJECT ADDED ENTRY--TOPICAL TERM | |
| Topical term or geographic name entry element | แรงงาน -- การระงับข้อพิพาท -- วิจัย |
| 650 04 - SUBJECT ADDED ENTRY--TOPICAL TERM | |
| Topical term or geographic name entry element | ข้อพิพาทแรงงาน |
| 850 ## - HOLDING INSTITUTION | |
| Holding institution | NALT |
| 942 ## - ADDED ENTRY ELEMENTS (KOHA) | |
| Koha item type | Research/Thesis |
| Source of classification or shelving scheme | Library of Congress Classification |
| 998 ## - STAFF NAME (NALT) | |
| -- | 109 |
| -- | อารีรัตน์ วิชาช่าง |
| Withdrawn status | Lost status | Damaged status | Not for loan | Collection code | Home library | Current library | Total Checkouts | Full call number | Barcode | Date last seen | Price effective from | Koha item type |
|---|---|---|---|---|---|---|---|---|---|---|---|---|
| Research & Theses collection | National Assembly Library of Thailand | National Assembly Library of Thailand | ว KM25 ช149ก 2547 | 3961151711 | 09/06/2017 | 09/06/2017 | Research/Thesis |
